000
00313nam a2200121Ia 4500
008
231106s2017 xx 000 0 und d
041
_a
eng
082
_a
751.42
100
_a
WALTRAUD NAWRATIL
245
_a
INDIA CONTEMPORARY DESIGN FASHION GRAPHICS INTERIORS
260
_b
SEARCH PRESS
_c
2017
300
_a
P-112
999
_c
920112
_d
920112